00754nam a2200205Ia 4500008004100000020001400041040001900055041001200074082002500086100001600111245014200127260002600269300002100295504005000316650002800366850001800394942000700412999001700419952011200436131103s9999 xx 000 0 und d cRs.165.00 aLoreto College aEnglish a954/BASbLCLIB/38398 aBasham,A.L. 4aThe wonder that was Indiab A survey of the history and culture of the Indian sub-continent before the coming of the Muslims cA.L.Basham aNew DelhibRupac1995 axix,572p c 18cm aIncludes bibliographical references and index aHistory - Ancient India aLCLIB/954/BAS cBK c18488d68967 00104070aMAINbMAINd2013-11-04l17o954/BAS LCLIB/38398pB19109r2019-09-26s2019-09-26w2013-11-04yBK